[Event "Chigorin Memorial 16th"]
[Site "St Petersburg"]
[Date "2008.10.08"]
[Round "6"]
[White "Airumian, Sergei"]
[Black "Bagrunov, Vladimir"]
[Result "1-0"]
[WhiteElo "2070"]
[BlackElo "2020"]
[PlyCount "135"]
[EventDate "2008.10.03"]
[EventType "swiss"]
[EventRounds "9"]
[EventCountry "RUS"]
[SourceTitle "CBM 126 Extra"]
[Source "ChessBase"]
[SourceDate "2008.11.05"]
[SourceVersion "1"]
[SourceVersionDate "2008.11.05"]
[SourceQuality "1"]

1. e4 e6 2. d4 d6 3. Nc3 g6 4. Nf3 Bg7 5. Be3 b6 6. Qd2 Bb7 7. Bd3 Nd7 8. a4 a6 9. 0-0 h6 10. h3 Ne7 11. Nh2 Nc6 12. Ne2 e5 13. c3 Na5 14. Qc2 0-0 15. f4 exf4 16. Bxf4 Nf6 17. Ng3 Qe8 18. Bxh6 Bxh6 19. Rxf6 c5 20. Ng4 Bg7 21. d5 Bc8 22. Rf4 Bxg4 23. Rxg4 c4 24. Be2 Nb3 25. Ra3 b5 26. h4 f5 27. exf5 gxf5 28. Nxf5 Rxf5 29. Qxf5 Qxe2 30. axb5 a5 31. Qe6+ Qxe6 32. dxe6 d5 33. Rg5 d4 34. cxd4 Nxd4 35. Re3 Re8 36. h5 Kh7 37. Rg6 Nxb5 38. Rf3 Nd6 39. Ra3 Bxb2 40. Rxa5 Rc8 41. Ra7+ Kh8 42. Rh6+ Kg8 43. Rg6+ Kh8 44. Rd7 c3 45. e7 c2 46. Rd8+ Kh7 47. Rxc8 Nxc8 48. Rc6 Nxe7 49. Rxc2 Be5 50. g4 Kh6 51. Re2 Bf6 52. Kg2 Kg5 53. Kf3 Nc6 54. Re8 Ne5+ 55. Kg3 Kh6 56. Kf4 Nf7 57. Re6 Kg7 58. Ra6 Bg5+ 59. Kf5 Be3 60. Rg6+ Kf8 61. Kf6 Bd2 62. Kf5 Nh6+ 63. Ke6 Bc1 64. g5 Ng8 65. h6 Ne7 66. Rg7 Ng8 67. Rf7+ Ke8 68. h7 1-0

[Event "Chigorin Memorial 16th"]
[Site "St Petersburg"]
[Date "2008.10.07"]
[Round "5"]
[White "Bagrunov, Vladimir"]
[Black "Kushka, Alena"]
[Result "0-1"]
[WhiteElo "2020"]
[BlackElo "2123"]
[PlyCount "50"]
[EventDate "2008.10.03"]
[EventType "swiss"]
[EventRounds "9"]
[EventCountry "RUS"]
[SourceTitle "CBM 126 Extra"]
[Source "ChessBase"]
[SourceDate "2008.11.05"]
[SourceVersion "1"]
[SourceVersionDate "2008.11.05"]
[SourceQuality "1"]

1. e4 c5 2. f4 g6 3. Nf3 Nc6 4. Bc4 Bg7 5. 0-0 d6 6. c3 e6 7. Kh1 Nge7 8. Bb3 0-0 9. d4 b6 10. Be3 Ba6 11. Rf2 cxd4 12. Nxd4 Na5 13. Rd2 Nxb3 14. axb3 Bb7 15. Nb5 d5 16. Rxa7 Rxa7 17. Nxa7 Qb8 18. Nb5 Ba6 19. N5a3 dxe4 20. c4 Nf5 21. Bg1 Qxf4 22. Nc3 e3 23. Rd7 Bxc3 24. bxc3 Qh4 25. g3 Qe4+ 0-1

[Event "Chigorin Memorial 16th"]
[Site "St Petersburg"]
[Date "2008.10.06"]
[Round "4"]
[White "Fedoseev, Sergey"]
[Black "Bagrunov, Vladimir"]
[Result "1-0"]
[WhiteElo "2193"]
[BlackElo "2020"]
[PlyCount "73"]
[EventDate "2008.10.03"]
[EventType "swiss"]
[EventRounds "9"]
[EventCountry "RUS"]
[SourceTitle "CBM 126 Extra"]
[Source "ChessBase"]
[SourceDate "2008.11.05"]
[SourceVersion "1"]
[SourceVersionDate "2008.11.05"]
[SourceQuality "1"]

1. e4 d6 2. d4 Nf6 3. Nc3 e5 4. Nf3 exd4 5. Nxd4 Nc6 6. Nxc6 bxc6 7. Bc4 Be7 8. 0-0 0-0 9. Bf4 Rb8 10. Bb3 c5 11. e5 Ne8 12. Qe2 Bb7 13. Rad1 Kh8 14. Qh5 f6 15. exd6 cxd6 16. Nd5 f5 17. Nxe7 Qxe7 18. Rfe1 Qc7 19. c4 Qc6 20. f3 Rf6 21. Re7 Rd8 22. Rde1 Rg6 23. R1e2 Bc8 24. Qh4 Nf6 25. Qe1 h6 26. Kh1 Bb7 27. Rf2 Re8 28. Rxe8+ Nxe8 29. Bc2 Rf6 30. Re2 Nc7 31. Re7 Bc8 32. Qg3 Ne8 33. Qe1 Bd7 34. Qc3 Be6 35. Qe1 Bf7 36. Qa5 Bxc4 37. Ba4 1-0

[Event "EU-ch Seniors 08th"]
[Site "Davos"]
[Date "2008.08.16"]
[Round "8"]
[White "Kverndal, Leif"]
[Black "Bagrunov, Vladimir"]
[Result "1-0"]
[WhiteElo "1907"]
[BlackElo "2062"]
[PlyCount "59"]
[EventDate "2008.08.09"]
[EventType "swiss"]
[EventRounds "9"]
[EventCountry "SUI"]
[SourceTitle "CBM 126 Extra"]
[Source "ChessBase"]
[SourceDate "2008.11.05"]
[SourceVersion "1"]
[SourceVersionDate "2008.11.05"]
[SourceQuality "1"]

1. d4 g6 2. Nf3 Bg7 3. g3 b6 4. Bg2 Bb7 5. 0-0 e6 6. c4 d6 7. Nc3 Ne7 8. e4 Nd7 9. Re1 0-0 10. d5 Bxc3 11. bxc3 e5 12. Bh6 Re8 13. h4 Kh8 14. Ng5 Kg8 15. Qf3 Rf8 16. Bh3 f5 17. Ne6 Qc8 18. Bxf8 Nxf8 19. exf5 Nxe6 20. fxe6 Qf8 21. Qxf8+ Rxf8 22. Bg2 a5 23. Be4 Ba6 24. c5 bxc5 25. Rab1 Bc4 26. Rb7 Rc8 27. Reb1 Kg7 28. Rb8 Rxb8 29. Rxb8 Kf6 30. Rf8+ 1-0

[Event "EU-ch Seniors 08th"]
[Site "Davos"]
[Date "2008.08.09"]
[Round "1"]
[White "Onoprienko, Vladimir"]
[Black "Bagrunov, Vladimir"]
[Result "1-0"]
[WhiteElo "2309"]
[BlackElo "2062"]
[PlyCount "27"]
[EventDate "2008.08.09"]
[EventType "swiss"]
[EventRounds "9"]
[EventCountry "SUI"]
[SourceTitle "CBM 126 Extra"]
[Source "ChessBase"]
[SourceDate "2008.11.05"]
[SourceVersion "1"]
[SourceVersionDate "2008.11.05"]
[SourceQuality "1"]

1. e4 g6 2. h4 h5 3. Nc3 c5 4. Bc4 d6 5. Nf3 Bg4 6. d4 Nd7 7. Ng5 d5 8. Bxd5 e6 9. f3 exd5 10. fxg4 dxe4 11. Ncxe4 hxg4 12. Qe2 Bg7 13. Nf6+ Kf8 14. Ngh7+ 1-0

[Event "St Petersburg March op"]
[Site "St Petersburg"]
[Date "2008.03.29"]
[Round "8"]
[White "Bagrunov, Vladimir"]
[Black "Sinajskij, Anatolij"]
[Result "0-1"]
[WhiteElo "2038"]
[BlackElo "2104"]
[PlyCount "78"]
[EventDate "2008.03.22"]
[EventType "swiss"]
[EventRounds "9"]
[EventCountry "RUS"]
[SourceTitle "EXT 2010"]
[Source "ChessBase"]
[SourceDate "2010.11.25"]
[SourceVersion "1"]
[SourceVersionDate "2010.11.25"]
[SourceQuality "1"]

1. d4 d6 2. Nf3 Nf6 3. g3 g6 4. Bg2 Bg7 5. 0-0 0-0 6. c4 Na6 7. Nc3 c5 8. d5 Nc7 9. h3 Rb8 10. a4 b6 11. e4 Nd7 12. h4 a6 13. h5 b5 14. hxg6 hxg6 15. Bh3 Ne5 16. Nxe5 Bxe5 17. Bxc8 Qxc8 18. Kg2 Kg7 19. Rh1 Rh8 20. Rxh8 Qxh8 21. axb5 axb5 22. Qe2 b4 23. Nb5 Nxb5 24. cxb5 Qe8 25. Qe3 Rxb5 26. Qh6+ Kg8 27. Bg5 Bg7 28. Qh3 Rb8 29. Rh1 f6 30. Qh7+ Kf7 31. Bd2 Qh8 32. Qxh8 Bxh8 33. b3 Ra8 34. Rb1 Ra2 35. Bc1 Re2 36. Kf3 Re1 37. Ra1 f5 38. Bb2 Rxa1 39. Bxh8 Rb1 0-1

[Event "EU-chT Seniors 10th"]
[Site "Dresden"]
[Date "2008.02.16"]
[Round "6.4"]
[White "Bagrunov, Vladimir"]
[Black "Arkhangelsky, Boris Nikolaevich"]
[Result "0-1"]
[WhiteElo "2074"]
[BlackElo "2358"]
[PlyCount "80"]
[EventDate "2008.02.11"]
[EventType "team-swiss"]
[EventRounds "9"]
[EventCountry "GER"]
[SourceTitle "CBM 122 Extra"]
[Source "ChessBase"]
[SourceDate "2008.03.04"]
[SourceVersion "1"]
[SourceVersionDate "2008.03.04"]
[SourceQuality "1"]
[WhiteTeam "St Petersburg"]
[BlackTeam "Moscow"]
[WhiteTeamCountry "RUS"]
[BlackTeamCountry "RUS"]

1. d4 d5 2. Bf4 c5 3. c3 Qb6 4. Qb3 c4 5. Qc2 g6 6. e4 Be6 7. Nd2 Qc6 8. Ngf3 Nd7 9. Ng5 Ngf6 10. Nxe6 Qxe6 11. 0-0-0 b5 12. Re1 Nb6 13. g3 Qd7 14. Be2 e6 15. Be5 Bg7 16. f4 0-0 17. Bf3 a5 18. g4 b4 19. f5 bxc3 20. bxc3 Ne8 21. Bxg7 Kxg7 22. fxg6 fxg6 23. Re3 Rb8 24. Bd1 Rf2 25. h4 Qd6 26. Be2 Qa3+ 27. Qb2 Qxb2+ 28. Kxb2 Na4+ 29. Kc1 Nxc3 30. Bxc4 Nxe4 31. Nxe4 dxe4 32. Bxe6 Nd6 33. Ra3 Rbb2 34. Rc3 Nb5 35. Rc8 Na3 36. Kd1 Nc2 37. Kc1 Nxd4 38. Bd5 Rfc2+ 39. Rxc2 Rxc2+ 40. Kd1 e3 0-1

[Event "EU-chT Seniors 10th"]
[Site "Dresden"]
[Date "2008.02.15"]
[Round "5.4"]
[White "Krueger, Erich"]
[Black "Bagrunov, Vladimir"]
[Result "0-1"]
[WhiteElo "2200"]
[BlackElo "2074"]
[PlyCount "80"]
[EventDate "2008.02.11"]
[EventType "team-swiss"]
[EventRounds "9"]
[EventCountry "GER"]
[SourceTitle "CBM 122 Extra"]
[Source "ChessBase"]
[SourceDate "2008.03.04"]
[SourceVersion "1"]
[SourceVersionDate "2008.03.04"]
[SourceQuality "1"]
[WhiteTeam "Katernberg"]
[BlackTeam "St Petersburg"]
[WhiteTeamCountry "GER"]
[BlackTeamCountry "RUS"]

1. d4 d5 2. c4 c6 3. Nf3 Nf6 4. Nc3 g6 5. Bf4 Qb6 6. Rc1 Bf5 7. cxd5 Bg7 8. dxc6 Nxc6 9. e3 Qxb2 10. Bb5 0-0 11. Bxc6 bxc6 12. 0-0 Nd5 13. Nxd5 cxd5 14. Qb3 Qxb3 15. axb3 Rfc8 16. Rc5 Rxc5 17. dxc5 Rc8 18. Nd4 Rxc5 19. Nxf5 gxf5 20. Bg5 Kf8 21. Rd1 e6 22. Kf1 Ke8 23. Ke2 Rc3 24. Rd3 Rc6 25. f3 Ra6 26. e4 Ra2+ 27. Rd2 Rxd2+ 28. Kxd2 dxe4 29. fxe4 fxe4 30. g4 Bd4 31. Bf4 f5 32. h3 e5 33. Bg5 f4 34. Ke2 Kf7 35. Bd8 f3+ 36. Kf1 e3 37. Ba5 e2+ 38. Ke1 Kg6 39. Bd2 e4 40. Ba5 Kg5 0-1

[Event "EU-chT Seniors 10th"]
[Site "Dresden"]
[Date "2008.02.14"]
[Round "4.4"]
[White "Olgag, Kahraman"]
[Black "Bagrunov, Vladimir"]
[Result "0-1"]
[WhiteElo "2131"]
[BlackElo "2074"]
[PlyCount "40"]
[EventDate "2008.02.11"]
[EventType "team-swiss"]
[EventRounds "9"]
[EventCountry "GER"]
[SourceTitle "CBM 122 Extra"]
[Source "ChessBase"]
[SourceDate "2008.03.04"]
[SourceVersion "1"]
[SourceVersionDate "2008.03.04"]
[SourceQuality "1"]
[WhiteTeam "Turkey"]
[BlackTeam "St Petersburg"]
[WhiteTeamCountry "TUR"]
[BlackTeamCountry "RUS"]

1. e4 c6 2. d4 d5 3. Nc3 dxe4 4. Nxe4 Nf6 5. Nxf6+ gxf6 6. Nf3 Rg8 7. Bf4 Qb6 8. Rb1 Qa5+ 9. Nd2 Bg4 10. f3 Be6 11. Bxb8 Rxb8 12. Kf2 Rd8 13. c3 c5 14. b4 cxb4 15. Rxb4 Bh6 16. a4 Qg5 17. Bb5+ Kf8 18. Ne4 Qxg2+ 19. Ke1 Qxh1+ 20. Bf1 Rg2 0-1

[Event "Chigorin Memorial-B 15th"]
[Site "St Petersburg"]
[Date "2007.12.06"]
[Round "6"]
[White "Chehlov, Aleksander"]
[Black "Bagrunov, Vladimir"]
[Result "1-0"]
[WhiteElo "2233"]
[BlackElo "2080"]
[PlyCount "77"]
[EventDate "2007.11.30"]
[EventType "swiss"]
[EventRounds "9"]
[EventCountry "RUS"]
[SourceTitle "CBM 121 Extra"]
[Source "ChessBase"]
[SourceDate "2008.01.10"]
[SourceVersion "1"]
[SourceVersionDate "2008.01.10"]
[SourceQuality "1"]

1. e4 g6 2. d4 Bg7 3. Nc3 d6 4. f4 e6 5. Nf3 Ne7 6. Bd3 a6 7. 0-0 b5 8. Qe1 c5 9. dxc5 dxc5 10. e5 0-0 11. Ne4 c4 12. Be2 Nf5 13. Qf2 Bb7 14. Rd1 Qc7 15. Nd6 Bd5 16. Nxf5 gxf5 17. Be3 Nd7 18. Rxd5 exd5 19. Nd4 f6 20. Ne6 Qc6 21. Nxf8 Rxf8 22. e6 Qxe6 23. Bf3 Re8 24. Bd4 Bf8 25. Rd1 Bb4 26. g3 Rd8 27. c3 Ba5 28. Re1 Qd6 29. Qc2 Bb6 30. Qxf5 Bxd4+ 31. cxd4 Nf8 32. Kg2 Kg7 33. Re2 b4 34. h4 Rd7 35. h5 Qb6 36. Re8 Rf7 37. Bxd5 Qxd4 38. h6+ Kg8 39. Qg4+ 1-0

[Event "Chigorin Memorial-B 15th"]
[Site "St Petersburg"]
[Date "2007.12.05"]
[Round "5"]
[White "Bagrunov, Vladimir"]
[Black "Lupik, Marina"]
[Result "1-0"]
[WhiteElo "2080"]
[BlackElo "2237"]
[PlyCount "161"]
[EventDate "2007.11.30"]
[EventType "swiss"]
[EventRounds "9"]
[EventCountry "RUS"]
[SourceTitle "CBM 121 Extra"]
[Source "ChessBase"]
[SourceDate "2008.01.10"]
[SourceVersion "1"]
[SourceVersionDate "2008.01.10"]
[SourceQuality "1"]

1. g3 d5 2. Bg2 e5 3. b3 Be6 4. Bb2 Nd7 5. e3 c6 6. Ne2 g6 7. d3 Bg7 8. Nd2 f5 9. d4 e4 10. Nf4 Bf7 11. h4 Ngf6 12. Ba3 Nf8 13. Bxf8 Bxf8 14. c4 dxc4 15. bxc4 Bb4 16. Rc1 Qa5 17. Rc2 Kf8 18. Bf1 h6 19. Be2 Ke7 20. Kf1 g5 21. Ng2 Qc7 22. Nb3 Rad8 23. Qc1 Kd7 24. Qb2 Be7 25. d5 c5 26. Rd2 Kd6 27. Qa3 a6 28. Nd4 Qc8 29. Bd1 Kc7 30. Ba4 Bd6 31. Nc6 Rdf8 32. Rb2 bxc6 33. Qc3 Nxd5 34. cxd5 Bxd5 35. hxg5 Re8 36. gxh6 Be5 37. Qa5+ Kd6 38. Rc2 c4 39. Qb4+ Ke6 40. Nf4+ Bxf4 41. exf4 Rh7 42. Rxc4 Bxc4+ 43. Qxc4+ Kf6 44. Rh5 Qd7 45. Qc3+ Ke7 46. Kg1 Qd5 47. Bb3 Qd6 48. Rxf5 Qxh6 49. Re5+ Kf8 50. Qc5+ Ree7 51. Kf1 Qh1+ 52. Ke2 Qf3+ 53. Kd2 Qd3+ 54. Kc1 Rh1+ 55. Kb2 Qb1+ 56. Ka3 Qc1+ 57. Qxc1 Rxc1 58. Rg5 Rh7 59. f5 Rh6 60. g4 Ke7 61. Rg8 Rf1 62. g5 Rd6 63. f6+ Rxf6 64. gxf6+ Kxf6 65. Bc4 Rc1 66. Bxa6 Ke5 67. Kb2 Rd1 68. Kc2 Ra1 69. Bc4 Kd4 70. Bb3 Rf1 71. Rd8+ Ke5 72. Rd2 Kf4 73. Bc4 Rh1 74. Re2 Rh5 75. Kc3 Rh1 76. a4 Kf3 77. a5 Rc1+ 78. Rc2 Rh1 79. a6 Rh7 80. Ra2 Ra7 81. Kb4 1-0

[Event "Heart of Finland op 16th"]
[Site "Jyvaskyla"]
[Date "2006.07.15"]
[Round "8"]
[White "Bagrunov, Vladimir"]
[Black "Savola, Laura"]
[Result "1-0"]
[WhiteElo "2048"]
[BlackElo "1924"]
[PlyCount "117"]
[EventDate "2006.07.07"]
[EventType "swiss"]
[EventRounds "9"]
[EventCountry "FIN"]
[SourceTitle "EXT 2022"]
[Source "ChessBase"]
[SourceDate "2021.10.06"]
[SourceVersion "1"]
[SourceVersionDate "2021.10.06"]
[SourceQuality "1"]

1. d4 d5 2. Nf3 Nf6 3. g3 e6 4. Bg2 Nbd7 5. 0-0 Be7 6. b3 0-0 7. Bb2 c5 8. e3 b6 9. Qe2 cxd4 10. exd4 Bb7 11. Nbd2 Rc8 12. c4 Qc7 13. Rac1 Qb8 14. Rc2 Qa8 15. Re1 Rc7 16. Ng5 Re8 17. h4 h6 18. Nh3 Bd6 19. f4 Nf8 20. Nf2 Bb4 21. Rec1 Rec8 22. Qe3 Ng6 23. Nf1 Bf8 24. Qe2 Ne7 25. c5 Nf5 26. b4 bxc5 27. dxc5 Nd7 28. Kh2 a6 29. Kh3 Bc6 30. g4 Ne7 31. Ne3 Rb7 32. Qd2 Ba4 33. Bc3 Bxc2 34. Qxc2 Ng6 35. Nd3 Ne7 36. a3 Rbc7 37. Qb2 Rb8 38. Qa1 Qc6 39. a4 Qa8 40. a5 Nc8 41. Nc4 Qc6 42. Nb6 Ra7 43. Bd4 Ne7 44. Bf1 Re8 45. Qb2 h5 46. g5 Nf5 47. Bf2 g6 48. Nxd7 Qxd7 49. c6 Qc7 50. Bb6 Qe7 51. Bxa7 Qxa7 52. Nc5 Bd6 53. Qf2 Rc8 54. Ne4 Qxf2 55. Nxf2 Bxb4 56. Bxa6 Rc7 57. Bd3 Ne7 58. a6 Rxc6 59. a7 1-0

[Event "Heart of Finland op 16th"]
[Site "Jyvaskyla"]
[Date "2006.07.12"]
[Round "4"]
[White "Bagrunov, Vladimir"]
[Black "Tusa, Tuukka"]
[Result "1/2-1/2"]
[WhiteElo "2048"]
[BlackElo "2187"]
[PlyCount "49"]
[EventDate "2006.07.07"]
[EventType "swiss"]
[EventRounds "9"]
[EventCountry "FIN"]
[SourceTitle "EXT 2022"]
[Source "ChessBase"]
[SourceDate "2021.10.06"]
[SourceVersion "1"]
[SourceVersionDate "2021.10.06"]
[SourceQuality "1"]

1. d4 Nf6 2. Nf3 e6 3. c4 b6 4. g3 Bb7 5. Bg2 Bb4+ 6. Nbd2 0-0 7. 0-0 a5 8. Qc2 d5 9. Ne1 Na6 10. a3 Be7 11. b3 c5 12. e3 Rc8 13. Bb2 Qc7 14. Rb1 cxd4 15. exd4 Bd6 16. Nd3 Qe7 17. Ra1 Nb8 18. Rfc1 Ba6 19. Qd1 a4 20. Ne5 axb3 21. Qxb3 dxc4 22. Nexc4 Nbd7 23. a4 Bb4 24. Rab1 Nd5 25. Bf1 1/2-1/2

[Event "Chigorin Memorial 13th"]
[Site "St Petersburg"]
[Date "2005.10.21"]
[Round "7"]
[White "Bagrunov, Vladimir"]
[Black "Kharitonov, Egor"]
[Result "0-1"]
[WhiteElo "2068"]
[BlackElo "2217"]
[PlyCount "62"]
[EventDate "2005.10.15"]
[EventType "swiss"]
[EventRounds "9"]
[EventCountry "RUS"]
[SourceTitle "CBM 108 Extra"]
[Source "ChessBase"]
[SourceDate "2005.11.04"]
[SourceVersion "1"]
[SourceVersionDate "2005.11.04"]
[SourceQuality "1"]

1. g3 c5 2. f4 d5 3. Bg2 Nc6 4. Nf3 g6 5. 0-0 Bg7 6. Nc3 Nf6 7. d3 d4 8. Ne4 Nd7 9. c4 b6 10. Bd2 Bb7 11. Rb1 0-0 12. a3 a5 13. b3 h6 14. Qc2 Qc7 15. Rb2 Rae8 16. Qc1 f5 17. Nf2 Kh7 18. Nh3 Qd6 19. Qe1 Ra8 20. b4 axb4 21. axb4 cxb4 22. Bxb4 Nxb4 23. Qxb4 Qxb4 24. Rxb4 Ra2 25. Re1 Rb8 26. Kf1 e6 27. Reb1 Kg8 28. R4b3 Bc6 29. Nf2 Rba8 30. R3b2 Rxb2 31. Rxb2 Ra1+ 0-1

[Event "Chigorin Memorial 13th"]
[Site "St Petersburg"]
[Date "2005.10.19"]
[Round "5"]
[White "Bagrunov, Vladimir"]
[Black "Kosov, Igor"]
[Result "1-0"]
[WhiteElo "2068"]
[BlackElo "1664"]
[PlyCount "67"]
[EventDate "2005.10.15"]
[EventType "swiss"]
[EventRounds "9"]
[EventCountry "RUS"]
[SourceTitle "CBM 108 Extra"]
[Source "ChessBase"]
[SourceDate "2005.11.04"]
[SourceVersion "1"]
[SourceVersionDate "2005.11.04"]
[SourceQuality "1"]

1. d4 Nf6 2. Nf3 g6 3. c4 Bg7 4. Nc3 0-0 5. e4 d6 6. Be2 c5 7. 0-0 cxd4 8. Nxd4 Nc6 9. Nc2 b6 10. f3 Ba6 11. Bg5 Ne5 12. Ne3 Rc8 13. Qa4 Bb7 14. Qxa7 Bc6 15. Qa3 h6 16. Bh4 g5 17. Bg3 Nh5 18. Bf2 Nf4 19. Rfd1 Bd7 20. Rac1 Be6 21. b3 Qd7 22. Bf1 Bf6 23. Kh1 g4 24. g3 Nh5 25. f4 Nf3 26. f5 Be5 27. Nxg4 Bxf5 28. Nxh6+ Kh7 29. Nxf5 Rh8 30. Be2 Nxg3+ 31. Bxg3 Bxg3 32. hxg3 Kg6+ 33. Kg2 Ne5 34. Rh1 1-0

[Event "Chigorin Memorial 13th"]
[Site "St Petersburg"]
[Date "2005.10.15"]
[Round "1"]
[White "Bagrunov, Vladimir"]
[Black "Sjugirov, Sanan"]
[Result "0-1"]
[WhiteElo "2068"]
[BlackElo "2376"]
[PlyCount "78"]
[EventDate "2005.10.15"]
[EventType "swiss"]
[EventRounds "9"]
[EventCountry "RUS"]
[SourceTitle "CBM 108 Extra"]
[Source "ChessBase"]
[SourceDate "2005.11.04"]
[SourceVersion "1"]
[SourceVersionDate "2005.11.04"]
[SourceQuality "1"]

1. d4 Nf6 2. Nf3 g6 3. Bf4 Bg7 4. h3 0-0 5. e3 d6 6. Bc4 Nbd7 7. 0-0 b6 8. Nbd2 Bb7 9. Qe2 c5 10. Ba6 Bxa6 11. Qxa6 e5 12. Bh2 cxd4 13. exd4 e4 14. Ne1 d5 15. Qb7 Bh6 16. Nb3 Re8 17. Qc7 Qxc7 18. Bxc7 Rac8 19. Bh2 Nh5 20. c3 f5 21. f4 exf3 22. Nxf3 Re2 23. Rab1 Ndf6 24. Rfe1 Be3+ 25. Kh1 Rxe1+ 26. Rxe1 f4 27. Nbd2 Ne4 28. Nxe4 dxe4 29. Ne5 Nf6 30. Bg1 Bd2 31. Re2 e3 32. h4 Kg7 33. Bh2 Ne4 34. Bxf4 Rf8 35. Nd3 Nf2+ 36. Nxf2 exf2 37. Rxf2 Bxf4 38. Rf3 Bd6 39. Rxf8 Kxf8 0-1

[Event "St Petersburg White Nights op"]
[Site "St Petersburg"]
[Date "2005.06.26"]
[Round "9"]
[White "Bagrunov, Vladimir"]
[Black "Yakovlev, Yuri S"]
[Result "1/2-1/2"]
[WhiteElo "2093"]
[BlackElo "2060"]
[PlyCount "150"]
[EventDate "2005.06.18"]
[EventType "swiss"]
[EventRounds "9"]
[EventCountry "RUS"]
[SourceTitle "CBM 106 Extra"]
[Source "ChessBase"]
[SourceDate "2005.07.01"]
[SourceVersion "1"]
[SourceVersionDate "2005.07.01"]
[SourceQuality "1"]

1. d4 f5 2. g3 e6 3. Bg2 Nf6 4. c4 Be7 5. Nc3 0-0 6. e4 d6 7. Qc2 Nc6 8. Nge2 fxe4 9. Nxe4 Qe8 10. h3 e5 11. d5 Nb4 12. Qc3 a5 13. a3 Na6 14. Nxf6+ Bxf6 15. Qxa5 Bf5 16. 0-0 Bd3 17. Qd2 Bxc4 18. b4 e4 19. Rb1 Qe5 20. Rd1 e3 21. fxe3 Bxe2 22. Qxe2 Qxg3 23. Qg4 Qxg4 24. hxg4 Nb8 25. Rd2 g5 26. Rc2 Rf7 27. Be4 Kg7 28. Rb3 Be5 29. Kg2 Na6 30. Bf5 h5 31. Be6 hxg4 32. Bxf7 Kxf7 33. Bb2 Re8 34. Rf2+ Kg6 35. Bxe5 Rxe5 36. Rd3 Re4 37. Kg3 Rc4 38. Rf8 Re4 39. Rf1 Rc4 40. Rfd1 Re4 41. Kf2 Kf5 42. Rd4 g3+ 43. Kf3 g4+ 44. Ke2 Re7 45. Rg1 Rh7 46. Rxg3 Rh2+ 47. Kf1 Rh4 48. Rf4+ Ke5 49. Rd4 Nb8 50. Ke2 Nd7 51. Rc4 Kxd5 52. Rxc7 Ne5 53. Rxb7 Rh2+ 54. Kf1 Ra2 55. Rc7 Ke4 56. Rc3 Ra1+ 57. Ke2 Ra2+ 58. Kd1 d5 59. Rb3 Rh2 60. b5 Rh1+ 61. Kc2 Rh2+ 62. Kc3 Rh3 63. Rxh3 gxh3 64. b6 h2 65. Rb1 Kxe3 66. Rh1 d4+ 67. Kb3 Nd7 68. b7 Nc5+ 69. Kb4 Nxb7 70. Rxh2 d3 71. Kc3 Nc5 72. Kc4 Nd7 73. Rh3+ Ke4 74. Rh4+ Ke3 75. Kc3 Nc5 1/2-1/2

[Event "St Petersburg White Nights op"]
[Site "St Petersburg"]
[Date "2005.06.25"]
[Round "8"]
[White "Khatenever, Feliks"]
[Black "Bagrunov, Vladimir"]
[Result "1-0"]
[WhiteElo "2037"]
[BlackElo "2093"]
[PlyCount "75"]
[EventDate "2005.06.18"]
[EventType "swiss"]
[EventRounds "9"]
[EventCountry "RUS"]
[SourceTitle "CBM 106 Extra"]
[Source "ChessBase"]
[SourceDate "2005.07.01"]
[SourceVersion "1"]
[SourceVersionDate "2005.07.01"]
[SourceQuality "1"]

1. d4 e6 2. e4 d5 3. exd5 exd5 4. Bd3 Nc6 5. c3 Bd6 6. Ne2 Qh4 7. g3 Qd8 8. Bf4 g5 9. Bxd6 Qxd6 10. Nd2 Bg4 11. Qc2 Nge7 12. 0-0-0 0-0-0 13. h3 Bh5 14. g4 Bg6 15. Nf3 f6 16. h4 Bxd3 17. Qxd3 h6 18. Kb1 Rdf8 19. Rdg1 Kb8 20. Ng3 Qd7 21. Nh5 Rf7 22. Qe2 Rhf8 23. Rh2 Ng6 24. Qc2 Nce7 25. hxg5 fxg5 26. Ne5 Nxe5 27. dxe5 Qe6 28. Nf6 Nc6 29. f4 gxf4 30. Rxh6 Nxe5 31. g5 Nf3 32. Nh7 Qe3 33. Rgh1 Rg7 34. Nxf8 Nxg5 35. Rh8 a6 36. Ne6+ Ka7 37. Nxg7 Ne4 38. Nf5 1-0

[Event "St Petersburg White Nights op"]
[Site "St Petersburg"]
[Date "2005.06.19"]
[Round "2"]
[White "Truskavetsky, Alexandr"]
[Black "Bagrunov, Vladimir"]
[Result "1-0"]
[WhiteElo "2374"]
[BlackElo "2093"]
[PlyCount "47"]
[EventDate "2005.06.18"]
[EventType "swiss"]
[EventRounds "9"]
[EventCountry "RUS"]
[SourceTitle "CBM 106 Extra"]
[Source "ChessBase"]
[SourceDate "2005.07.01"]
[SourceVersion "1"]
[SourceVersionDate "2005.07.01"]
[SourceQuality "1"]

1. d4 e6 2. c4 f5 3. g3 Nf6 4. Bg2 d5 5. Nh3 c6 6. 0-0 Bd6 7. Bf4 Be7 8. Qa4 Qb6 9. c5 Qxb2 10. Nd2 Qb5 11. Qc2 Qxe2 12. Bxb8 Rxb8 13. Nf4 Qa6 14. Rfe1 Ne4 15. Nb3 g5 16. Nd3 g4 17. Ne5 b5 18. Bf1 Qb7 19. Na5 Qc7 20. Naxc6 Rb7 21. Nxe7 Kxe7 22. Rab1 b4 23. Qc1 Kf6 24. Qh6+ 1-0

[Event "St Petersburg Chigorin CC-ch"]
[Site "St Petersburg"]
[Date "2005.05.25"]
[Round "9"]
[White "Goganov, Aleksey"]
[Black "Bagrunov, Vladimir"]
[Result "1-0"]
[WhiteElo "2044"]
[BlackElo "2093"]
[PlyCount "127"]
[EventDate "2005.05.16"]
[EventType "swiss"]
[EventRounds "9"]
[EventCountry "RUS"]
[SourceTitle "EXT 2006"]
[Source "ChessBase"]
[SourceDate "2005.11.24"]
[SourceVersion "1"]
[SourceVersionDate "2005.11.24"]
[SourceQuality "1"]

1. d4 d5 2. c4 c6 3. Nf3 Nf6 4. Nc3 dxc4 5. a4 Bf5 6. e3 e6 7. Bxc4 Bd6 8. Qe2 Bb4 9. 0-0 Nbd7 10. e4 Bg6 11. Bd3 0-0 12. Bd2 c5 13. e5 Bxc3 14. bxc3 Bxd3 15. Qxd3 Nd5 16. c4 Ne7 17. d5 exd5 18. cxd5 c4 19. Qd4 Qb6 20. Qxc4 Rfc8 21. Qg4 f5 22. Qg5 Nxd5 23. Qxf5 Nf8 24. Ng5 Qg6 25. Qf3 Rd8 26. Rfd1 Ne6 27. Nxe6 Qxe6 28. Qe4 Rf8 29. Rab1 b6 30. Bb4 Rfd8 31. Rd4 Rd7 32. Rbd1 Rad8 33. f4 Nxb4 34. Rxd7 Rxd7 35. Rxd7 Qxd7 36. Qxb4 Qd1+ 37. Kf2 Qc2+ 38. Ke3 Qc1+ 39. Kf3 Qf1+ 40. Kg3 Qd3+ 41. Kh4 Qd8+ 42. Kh3 Qd7+ 43. g4 h5 44. Qc4+ Kh8 45. f5 hxg4+ 46. Qxg4 Qd3+ 47. Kh4 Qd8+ 48. Kg3 Qd3+ 49. Qf3 Qd4 50. Qf4 Qd3+ 51. Kh4 Qd8+ 52. f6 Kg8 53. Qg4 Qc7 54. Qxg7+ Qxg7 55. fxg7 Kxg7 56. Kg5 a6 57. e6 b5 58. axb5 axb5 59. h4 b4 60. h5 b3 61. h6+ Kf8 62. h7 Kg7 63. e7 b2 64. e8Q 1-0